[Event "28. Offene Internationale Bayerische Schachmeisterschaft"]
[Site "Gmund am Tegernsee"]
[Date "2025.11.05"]
[Round "5"]
[Board "38"]
[White "Serikbay, Assel"]
[Black "Hashagen, Tim"]
[Result "1/2-1/2"]
[WhiteElo "2174"]
[BlackElo "1883"]
[PlyCount "0"]
[EventDate "2025.11.01"]
[EventRounds "9"]
[EventCountry "GER"]

1. d4 d5 2. c4 c6 3. Nf3 Nf6 4. g3 Bf5 5. Bg2 e6 6. O-O h6 7. Nc3 Be7 8. b3 Nbd7
9. Bb2 O-O 10. Nd2 Qb6 11. e4 Nxe4 12. Ndxe4 dxe4 13. Nxe4 Nf6 14. Nc3 Rad8 15. Na4
Qa5 16. Qe2 Rfe8 17. Rfd1 Bh7 18. Rac1 Qf5 19. Nc3 h5 20. h4 Bd6 21. c5 Bc7 22. Nb1
e5 23. dxe5 Rxd1+ 24. Rxd1 Bxe5 25. Bxe5 Qxe5 26. Qxe5 Rxe5 27. Nc3 Kf8 28. b4 Ke7
29. Bf3 Bf5 30. Kg2 Bg4 31. Bxg4  1/2-1/2

[Event "28. Offene Internationale Bayerische Schachmeisterschaft"]
[Site "Gmund am Tegernsee"]
[Date "2025.11.05"]
[Round "5"]
[Board "39"]
[White "Bossoni, Mario"]
[Black "Aamuktha, Guntaka"]
[Result "0-1"]
[WhiteElo "1878"]
[BlackElo "2161"]
[PlyCount "0"]
[EventDate "2025.11.01"]
[EventRounds "9"]
[EventCountry "GER"]

1. e4 c5 2. d4 cxd4 3. c3 dxc3 4. Nxc3 Nc6 5. Nf3 e6 6. Bc4 a6 7. O-O Nge7 8. Bf4
Ng6 9. Bg3 b5 10. Bb3 d6 11. Qe2 Be7 12. Rac1 Na5 13. Rfd1 Nxb3 14. axb3 Qb6 15.
h4 h5 16. Nd4 Bb7 17. Nf5 exf5 18. exf5 Ne5 19. Bxe5 dxe5 20. Qxe5 f6 21. Qe2 Rd8
22. Re1 Qd6 23. Rcd1 Qc7 24. Rxd8+ Qxd8 25. Rd1 Qc7 26. Re1 Qd7 27. Ne4 Bxe4 28.
Qxe4 Kf7 29. Qf3 Rd8 30. Qxh5+ Kg8 31. Qg4 Bf8 32. h5 Qd2 33. Re6 Qd1+ 34. Qxd1 Rxd1+
35. Kh2 Rd2 36. Rxa6 Rxf2 37. Rb6 b4  0-1

[Event "28. Offene Internationale Bayerische Schachmeisterschaft"]
[Site "Gmund am Tegernsee"]
[Date "2025.11.05"]
[Round "5"]
[Board "40"]
[White "Rickert, Heiko"]
[Black "Thibous, Mathis"]
[Result "0-1"]
[WhiteElo "1876"]
[BlackElo "2160"]
[PlyCount "0"]
[EventDate "2025.11.01"]
[EventRounds "9"]
[EventCountry "GER"]

1. d4 Nf6 2. Nf3 b6 3. e3 Bb7 4. Bd3 d6 5. O-O Nbd7 6. Re1 e5 7. dxe5 dxe5 8. Bc4
Bd6 9. Nc3 e4 10. Nd4 O-O 11. Nf5 Be5 12. Bd2 h5 13. h3 g6 14. Ng3 a6 15. a4 Qe7
16. Nge2 Rfd8 17. Nf4 Nf8 18. g3 h4 19. g4 Qd7 20. Re2 Bxf4 21. exf4 e3 22. Rxe3
Qc6 23. Bxf7+ Kxf7 24. f3 Re8 25. Ne4 Nxe4 26. fxe4 Rxe4  0-1

[Event "28. Offene Internationale Bayerische Schachmeisterschaft"]
[Site "Gmund am Tegernsee"]
[Date "2025.11.05"]
[Round "5"]
[Board "41"]
[White "Butenandt, Svenja"]
[Black "Mazatis, Benjamin"]
[Result "1/2-1/2"]
[WhiteElo "2160"]
[BlackElo "1858"]
[PlyCount "0"]
[EventDate "2025.11.01"]
[EventRounds "9"]
[EventCountry "GER"]

1. d4 d5 2. c4 c6 3. Nc3 e6 4. Nf3 Nf6 5. Bg5 dxc4 6. e4 b5 7. e5 h6 8. Bh4 g5 9.
Nxg5 hxg5 10. Bxg5 Be7 11. exf6 Bxf6 12. Bxf6 Qxf6 13. g3 Na6 14. Bg2 Bb7 15. Ne4
Qe7 16. O-O O-O-O 17. a4 f5 18. Nc3 b4 19. Ne2 e5 20. Qc2 Qf7 21. Rfc1 c3 22. d5
Nc5 23. Nxc3 bxc3 24. Qxc3 Ne4 25. Bxe4 fxe4 26. dxc6 Ba6 27. Qa5 Bc4 28. c7 Rdf8
29. Qxa7 e3 30. Qxe3 Rxh2 31. Kxh2 Qh5+ 32. Kg2 Bd5+ 33. Kf1 Rf7 34. Ke1 Rd7 35.
Rd1 Qh1+ 36. Kd2 Bf3+ 37. Kc3 Bxd1 38. Qxe5 Qc6+ 39. Kb4 Qb6+ 40. Qb5 Qd4+ 41. Ka3
Qd6+ 42. Qb4 Qd3+ 43. Qc3 Qh7 44. Qc4 Rd3+ 45. Ka2 Bb3+ 46. Qxb3 Rxb3 47. Kxb3 Qf7+
48. Ka3 Qxf2 49. Rc1 Qxg3+ 50. Rc3 Qe1 51. Kb4 Qd2 52. Kb3 Qd1+ 53. Kb4 Qd2 54. Ka3
Qd6+ 55. Ka2 Qd2 56. Ka3 Qd6+ 57. b4 Qd2 58. Kb3  1/2-1/2

[Event "28. Offene Internationale Bayerische Schachmeisterschaft"]
[Site "Gmund am Tegernsee"]
[Date "2025.11.05"]
[Round "5"]
[Board "42"]
[White "Zeier, Klaus"]
[Black "Yasaswi, Krishna Bommi"]
[Result "1/2-1/2"]
[WhiteElo "2158"]
[BlackElo "1843"]
[PlyCount "0"]
[EventDate "2025.11.01"]
[EventRounds "9"]
[EventCountry "GER"]

1. e4 d6 2. d4 Nf6 3. Nc3 g6 4. f4 Bg7 5. Nf3 c5 6. dxc5 Qa5 7. Qd3 Qxc5 8. Be3 Qa5
9. Qb5+ Qxb5 10. Bxb5+ Bd7 11. Bxd7+ Nbxd7 12. O-O-O Ng4 13. Bd4 e5 14. fxe5 dxe5
15. Bg1 Ngf6 16. Bf2 O-O 17. Rhe1 a6 18. Rd6 Rfe8 19. Bh4 h6 20. Red1 g5 21. Bf2
Nf8 22. Nd2 b5 23. a4 Ne6 24. Nd5 Red8 25. Rxd8+ Rxd8 26. axb5 axb5 27. Nxf6+ Bxf6
28. Nb1 Nf4 29. Rxd8+ Bxd8 30. g3 Nh5 31. Kd2 Kg7 32. b4 Kg6 33. Na3 f5 34. exf5+
Kxf5 35. Nxb5 Nf6 36. Nd6+ Ke6 37. Nc4 Ne4+ 38. Ke2 h5 39. Be1 g4 40. Ne3 Nd6 41.
Kd3 Bb6 42. Bd2 e4+ 43. Ke2 Bxe3 44. Bxe3 Kd5 45. c3 Kc6 46. c4 Nxc4 47. Bc5 Kb5
48. Kd1 Ne5 49. Kd2 Nf3+ 50. Ke3 Nxh2 51. Kxe4 Nf1 52. Kf4 Kc4 53. Bd6 Kb5 54. Kg5
Nxg3 55. Bxg3  1/2-1/2

[Event "28. Offene Internationale Bayerische Schachmeisterschaft"]
[Site "Gmund am Tegernsee"]
[Date "2025.11.05"]
[Round "5"]
[Board "43"]
[White "Kuehn, Marvin"]
[Black "Cervelli, Eduard"]
[Result "0-1"]
[WhiteElo "1840"]
[BlackElo "2155"]
[PlyCount "0"]
[EventDate "2025.11.01"]
[EventRounds "9"]
[EventCountry "GER"]

1. e4 c5 2. Nc3 d6 3. g3 Nf6 4. Bg2 g6 5. d3 Bg7 6. Nge2 Nc6 7. h3 O-O 8. O-O Rb8
9. Be3 b5 10. Qd2 b4 11. Nd1 a5 12. Bh6 d5 13. Bxg7 Kxg7 14. exd5 Nxd5 15. Ne3 Be6
16. Nc4 Qd7 17. Kh2 Rfd8 18. Nf4 Nxf4 19. Qxf4 Bd5 20. Ne5 Nxe5 21. Qxe5+ f6 22.
Qxd5 Qxd5 23. Bxd5 Rxd5 24. Rfe1 Kf7 25. Re4 a4 26. Kg2 Rb7 27. Rc1 Rd4 28. Kf3 e5
29. Rxd4 cxd4 30. b3 a3 31. Ke2 Ke6 32. Kd2 f5 33. Re1 Kd5 34. f3 h5 35. h4 Rf7 36.
Rg1 e4 37. fxe4+ fxe4 38. dxe4+ Kxe4 39. Re1+ Kd5 40. Ke2 Rc7 41. Kd2 Rc3 42. Rg1
d3 43. cxd3 Kd4 44. g4 Rxd3+ 45. Kc2 Rh3 46. gxh5 Rh2+ 47. Kb1 gxh5 48. Rg8 Rxh4
49. Rd8+ Ke3 50. Re8+ Kf3 51. Rf8+ Kg3 52. Rg8+ Rg4 53. Rd8 h4 54. Rd3+ Kh2 55. Rd2+
Rg2 56. Rd4 h3 57. Rxb4 Kg3 58. Rb8 h2 59. Rh8 Rb2+  0-1

[Event "28. Offene Internationale Bayerische Schachmeisterschaft"]
[Site "Gmund am Tegernsee"]
[Date "2025.11.05"]
[Round "5"]
[Board "44"]
[White "Cordts, Ingo"]
[Black "Wang, Simon"]
[Result "1-0"]
[WhiteElo "2152"]
[BlackElo "1824"]
[PlyCount "0"]
[EventDate "2025.11.01"]
[EventRounds "9"]
[EventCountry "GER"]

1. e4 c6 2. d4 d5 3. Nd2 dxe4 4. Nxe4 Bf5 5. Nc5 e5 6. Nxb7 Qb6 7. Nc5 Bxc5 8. dxc5
Qxc5 9. c3 Nf6 10. Be3 Qe7 11. Bd3 Bxd3 12. Qxd3 O-O 13. Bg5 Nbd7 14. Ne2 Rfd8 15.
O-O Nc5 16. Qc4 Nd3 17. Ng3 h6 18. Nf5 Qe6 19. Qxe6 fxe6 20. Nxh6+ Kh7 21. b3 Kg6
22. Bxf6 gxf6 23. Ng4 f5 24. Ne3 f4 25. Nc4 f3 26. Rfd1 Kf6 27. g3 e4 28. Rd2 Rd7
29. Rad1 Rh8 30. h4 Rg7 31. Nd6 Nf4 32. Nxe4+ Ke5 33. Nc5 Ne2+ 34. Kh2 Rgh7 35. Nd7+
Kf5 36. g4+ Kxg4 37. Nf6+ Kxh4 38. Nxh7 Rxh7 39. Rd7 Rh8 40. Rg7 Nxc3 41. Rd3  1-0

[Event "28. Offene Internationale Bayerische Schachmeisterschaft"]
[Site "Gmund am Tegernsee"]
[Date "2025.11.06"]
[Round "6"]
[Board "1"]
[White "Gumularz, Szymon"]
[Black "Engel, Luis"]
[Result "0-1"]
[WhiteElo "2584"]
[BlackElo "2567"]
[PlyCount "0"]
[EventDate "2025.11.01"]
[EventRounds "9"]
[EventCountry "GER"]

1. Nf3 d5 2. e3 c5 3. b3 f6 4. d4 cxd4 5. exd4 Nc6 6. c4 e5 7. dxe5 Bg4 8. Be2 dxc4
9. Bd2 fxe5 10. O-O Nf6 11. Re1 Bc5 12. Bxc4 Qd6 13. b4 Bxb4 14. Bxb4 Qxb4 15. Nbd2
Bxf3 16. Qxf3 Qxd2 17. Rab1 Rd8 18. g3 Qd4 19. Rec1 e4 20. Qb3 Ng4 21. Rc2 Rf8 22.
Rf1 Qb6 23. Bb5 Rd6 24. Re2 Kd8 25. Qa3 Nd4 26. Rb2 Rf3 27. Bd3 Qa6 28. Qxa6 bxa6
29. Bxe4 Rc3 30. Rb8+ Rc8 31. Rxc8+ Kxc8 32. Bxh7 Nxh2 33. Rc1+ Kb8 34. Rb1+ Kc7
35. Rc1+ Nc6 36. Kxh2 Rh6+ 37. Kg2 Rxh7 38. Rc5 Kb6 39. Rg5 Ne7 40. f4 g6 41. Re5
Nc6 42. Re6 Re7 43. Rxg6 Re2+ 44. Kh3 Rxa2 45. g4 a5 46. g5 a4 47. Re6 Ra1 48. Kg2
a3 49. Re3 a2 50. Ra3 a5 51. f5 Ne7 52. f6 Ng6 53. Kf3 Rf1+  0-1

[Event "28. Offene Internationale Bayerische Schachmeisterschaft"]
[Site "Gmund am Tegernsee"]
[Date "2025.11.06"]
[Round "6"]
[Board "2"]
[White "Abdisalimov, Abdimalik"]
[Black "Pultinevicius, Paulius"]
[Result "1-0"]
[WhiteElo "2553"]
[BlackElo "2542"]
[PlyCount "0"]
[EventDate "2025.11.01"]
[EventRounds "9"]
[EventCountry "GER"]

1. e4 c5 2. Nf3 e6 3. d4 cxd4 4. Nxd4 Nc6 5. Nc3 Qc7 6. Be2 Nf6 7. Ndb5 Qb8 8. f4
a6 9. e5 Nd5 10. Nxd5 exd5 11. Nc3 d4 12. Ne4 d5 13. Ng5 h6 14. Nf3 Bc5 15. Bd3 O-O
16. O-O f6 17. exf6 Rxf6 18. Nh4 Nb4 19. f5 Bd6 20. g3 Bd7 21. Bd2 Nxd3 22. cxd3
Bxg3 23. hxg3 Qxg3+ 24. Ng2 Qxd3 25. Rf3 Qc4 26. Rc1 Qb5 27. Rc7 Bxf5 28. Bxh6 Rxh6
29. Rxf5 d3 30. Rf2 Qb6 31. Rcf7 Qd6 32. R7f4 Rc8 33. Qxd3 Rc1+ 34. Rf1 Rxf1+ 35.
Kxf1 Qc5 36. Ke2 Rb6 37. b3 Re6+ 38. Kf3 Re5 39. Rh4 Kf7 40. Rf4+ Kg8 41. Qd4 Qd6
42. Qb4 Qb8 43. Qc3 Qe8 44. Qc2 Qd8 45. Rf5 Re6 46. Nf4 Rc6 47. Qd3 d4 48. Rd5 Qf6
49. Qxd4 Rc3+ 50. Kg4 Qc6 51. Qe4  1-0

[Event "28. Offene Internationale Bayerische Schachmeisterschaft"]
[Site "Gmund am Tegernsee"]
[Date "2025.11.06"]
[Round "6"]
[Board "3"]
[White "Ghazarian, Kirk"]
[Black "Bauer, Christian"]
[Result "1-0"]
[WhiteElo "2520"]
[BlackElo "2550"]
[PlyCount "0"]
[EventDate "2025.11.01"]
[EventRounds "9"]
[EventCountry "GER"]

1. d4 d6 2. Nf3 Nf6 3. c4 g6 4. g3 Bg7 5. Nc3 Bf5 6. Nh4 Bd7 7. Bg2 Nc6 8. O-O O-O
9. Nf3 a6 10. Bf4 Rb8 11. a4 Bg4 12. a5 Re8 13. d5 e5 14. Be3 Ne7 15. Bc1 Bxf3 16.
Bxf3 Nf5 17. Bg2 b6 18. e3 h5 19. h3 Qc8 20. Qc2 Qb7 21. Ra3 Ne7 22. Bd2 bxa5 23.
Rb1 Qb6 24. Na4 Qb7 25. Nc3 Qb6 26. Qa4 Qb4 27. Ne4 Qxa4 28. Nxf6+ Bxf6 29. Rxa4
Nc8 30. Rxa5 Rb3 31. c5 e4 32. Rxa6 Rd3 33. Ba5 Rxd5 34. c6 Re7 35. b4 Nb6 36. Bxb6
cxb6 37. Rxb6  1-0

[Event "28. Offene Internationale Bayerische Schachmeisterschaft"]
[Site "Gmund am Tegernsee"]
[Date "2025.11.06"]
[Round "6"]
[Board "4"]
[White "Tabatabaei, M. Amin"]
[Black "Naumann, Alexander"]
[Result "1-0"]
[WhiteElo "2681"]
[BlackElo "2473"]
[PlyCount "0"]
[EventDate "2025.11.01"]
[EventRounds "9"]
[EventCountry "GER"]

1. e4 c5 2. Nf3 e6 3. d4 cxd4 4. Nxd4 Nc6 5. Nc3 Qc7 6. Be3 a6 7. g4 b5 8. Nxc6 Qxc6
9. Qd2 Bc5 10. O-O-O Ne7 11. h4 O-O 12. h5 b4 13. Bxc5 Qxc5 14. Na4 Qa5 15. h6 g6
16. b3 f6 17. f4 d5 18. exd5 Nxd5 19. Bc4 Nc3 20. Qd6 Nxd1 21. Rxd1 Ra7 22. Nb6 Qxa2
23. Nxc8 Qa1+ 24. Kd2 Qc3+ 25. Ke2 Qxc2+ 26. Kf3 Raf7 27. Bxe6 Rxc8 28. Qd8+  1-0

[Event "28. Offene Internationale Bayerische Schachmeisterschaft"]
[Site "Gmund am Tegernsee"]
[Date "2025.11.06"]
[Round "6"]
[Board "5"]
[White "Rathanvel, V S"]
[Black "Costa, Leonardo"]
[Result "0-1"]
[WhiteElo "2483"]
[BlackElo "2546"]
[PlyCount "0"]
[EventDate "2025.11.01"]
[EventRounds "9"]
[EventCountry "GER"]

1. e4 e5 2. Nf3 Nc6 3. Bb5 a6 4. Ba4 Nf6 5. O-O Be7 6. Re1 b5 7. Bb3 O-O 8. a4 Rb8
9. axb5 axb5 10. c3 d6 11. d4 exd4 12. cxd4 d5 13. e5 Ne4 14. Nc3 Nxc3 15. bxc3 Bf5
16. Bf4 Qd7 17. Qd2 Ra8 18. Bg5 Bxg5 19. Qxg5 h6 20. Qf4 Bh7 21. Nd2 Na5 22. Bd1
Qc6 23. Qg3 Nc4 24. Rxa8 Rxa8 25. Nxc4 Qxc4 26. Bg4 b4 27. e6 fxe6 28. Bxe6+ Kh8
29. cxb4 Re8 30. f4 Qxd4+ 31. Qf2 Qxb4 32. Re5 Qd6 33. Qe1 Be4 34. Bf7 Rxe5 35. Qa5
Qf8  0-1

[Event "28. Offene Internationale Bayerische Schachmeisterschaft"]
[Site "Gmund am Tegernsee"]
[Date "2025.11.06"]
[Round "6"]
[Board "6"]
[White "Zelbel, Patrick"]
[Black "Horvath, Dominik"]
[Result "1/2-1/2"]
[WhiteElo "2465"]
[BlackElo "2541"]
[PlyCount "0"]
[EventDate "2025.11.01"]
[EventRounds "9"]
[EventCountry "GER"]

1. e4 d5 2. exd5 Qxd5 3. Nf3 Bg4 4. Be2 Nf6 5. h3 Bh5 6. d4 e6 7. O-O Nc6 8. c4 Qd7
9. Be3 Rd8 10. Qb3 Bxf3 11. Bxf3 Nxd4 12. Bxd4 Qxd4 13. Qxb7 Bd6 14. Qc6+ Ke7 15.
Nc3 Qb6 16. Qxb6 axb6 17. Nb5 c5 18. Na7 Kd7 19. Rfd1 e5 20. Rd2 e4 21. Rad1 Ke6
22. Nb5 Be7 23. Nc7+ Ke5 24. Nd5 Nxd5 25. Rxd5+ Rxd5 26. Rxd5+ Kf6 27. Bxe4 Rd8 28.
f4 Rxd5 29. Bxd5 Bd6 30. g3 g5 31. fxg5+ Kxg5 32. Kf2 f5 33. Kf3 Be5 34. b3 h6 35.
Be6 Kf6 36. Bc8 Bb2 37. Bd7  1/2-1/2

[Event "28. Offene Internationale Bayerische Schachmeisterschaft"]
[Site "Gmund am Tegernsee"]
[Date "2025.11.06"]
[Round "6"]
[Board "7"]
[White "Visakh, N R"]
[Black "Nithin, Babu"]
[Result "1/2-1/2"]
[WhiteElo "2540"]
[BlackElo "2310"]
[PlyCount "0"]
[EventDate "2025.11.01"]
[EventRounds "9"]
[EventCountry "GER"]

1. d4 d5 2. c4 e6 3. Nf3 Nf6 4. Nc3 Nbd7 5. Bg5 Bb4 6. cxd5 exd5 7. Qc2 c5 8. dxc5
Qa5 9. Bd2 Nxc5 10. a3 Ne6 11. e3 O-O 12. Bd3 Be7 13. Ne4 Qc7 14. Qxc7 Nxc7 15. Ng3
g6 16. Bb4 Bxb4+ 17. axb4 Na6 18. Bxa6 bxa6 19. Nd4 Rb8 20. b5 Kg7 21. Kd2 h5 22.
f3 Bd7 23. Rxa6 h4 24. Nge2 Bxb5 25. Nxb5 Rxb5 26. Rb1 Rfb8 27. Ra2 R8b7 28. Nd4
R5b6 29. b3 Ne8 30. Rba1 Nd6 31. Rxa7 Rxb3 32. Nxb3 Rxb3 33. Ke2 Rb2+ 34. Kf1 Nc4
35. R7a2 Nxe3+ 36. Kg1 Rb4 37. Rd2 d4 38. Kf2 Nf5 39. Ra7 Rb1 40. g4 hxg3+ 41. hxg3
Rb3 42. Ra6 Rc3 43. Ra1 Kf6 44. Re1 g5 45. Re4 Ra3 46. Rb2 Kg6 47. Rb6+ Kh7 48. Rf6
Ra2+ 49. Ke1 Ra1+ 50. Kd2 Ra2+ 51. Ke1 Ra1+ 52. Kf2 Ra2+ 53. Kg1 d3 54. Rxf5 d2 55.
Rxf7+ Kg6 56. Rd7 Ra1+ 57. Kf2 d1=Q 58. Re6+ Kf5 59. Rxd1 Rxd1 60. Rc6 g4 61. Rc5+
Kf6 62. f4 Rd2+ 63. Kf1 Rd3 64. Rc6+ Kf5 65. Kf2 Rd2+ 66. Ke3 Rg2 67. Rc5+ Kf6 68.
Ke4 Rxg3 69. Rc6+ Kf7 70. Kf5 Ra3 71. Rc7+ Kf8 72. Kxg4 Ra5 73. f5 Ra6 74. Kg5 Rb6
75. Ra7 Rc6 76. f6 Rc1 77. Ra8+ Kf7 78. Ra7+  1/2-1/2

[Event "28. Offene Internationale Bayerische Schachmeisterschaft"]
[Site "Gmund am Tegernsee"]
[Date "2025.11.06"]
[Round "6"]
[Board "8"]
[White "Martin, Julian"]
[Black "Gopal, G.N."]
[Result "1/2-1/2"]
[WhiteElo "2360"]
[BlackElo "2539"]
[PlyCount "0"]
[EventDate "2025.11.01"]
[EventRounds "9"]
[EventCountry "GER"]

1. e4 c5 2. Nf3 d6 3. Bb5+ Nd7 4. d4 cxd4 5. Nxd4 Ngf6 6. O-O a6 7. Bd3 Nc5 8. Re1
e5 9. Nf3 b5 10. b4 Nxd3 11. Qxd3 h6 12. a4 bxa4 13. Rxa4 Rb8 14. c4 Be7 15. Nc3
O-O  1/2-1/2

[Event "28. Offene Internationale Bayerische Schachmeisterschaft"]
[Site "Gmund am Tegernsee"]
[Date "2025.11.06"]
[Round "6"]
[Board "9"]
[White "Dragnev, Valentin"]
[Black "Parvanyan, Ashot"]
[Result "1/2-1/2"]
[WhiteElo "2537"]
[BlackElo "2428"]
[PlyCount "0"]
[EventDate "2025.11.01"]
[EventRounds "9"]
[EventCountry "GER"]

1. d4 Nf6 2. Nf3 g6 3. g3 Bg7 4. Bg2 O-O 5. O-O d6 6. Re1 c5 7. dxc5 dxc5 8. c3 Nc6
9. Qxd8 Rxd8 10. Be3 c4 11. Na3 Nd5 12. Rad1 Nxe3 13. Rxd8+ Nxd8 14. fxe3 Nc6 15.
Rd1 Bh6 16. Kf2 Be6 17. Nb5 Rc8 18. Rd2 a6 19. Nbd4 Bd7 20. Nxc6 Bxc6 21. Ne1 Bxg2
22. Nxg2 Rc5 23. Nf4 e6 24. Rd8+ Bf8 25. Rd2 Rb5 26. h4 h5 27. Kf3 Kg7 28. e4 Kf6
29. Nh3 Bh6 30. e3 Ke7 31. Nf4 Bg7 32. g4 hxg4+ 33. Kxg4 Re5 34. Kf3 Bf6 35. Rh2
Ra5 36. a3 Rb5 37. h5 gxh5 38. Nxh5 Be5 39. Nf4 Rb6 40. Rf2 Rb5 41. Rd2 Bd6 42. Rg2
Bc7 43. Rd2 Bb6 44. Rh2 Rg5 45. Rh1 Rg8 46. Kf2 Kf6 47. Ke2 Ke5 48. Kf3 Rd8 49. Rh5+
Kf6 50. Ke2 Rg8 51. Rh1 Bc7 52. Kf3 Be5 53. Ne2 Ke7 54. Rh5 Kd6 55. Rh7 Rg7 56. Rh1
Rg5 57. Rd1+ Ke7 58. Rh1 Bf6 59. Nf4 Rg8 60. Rh5 Rg5 61. Rh1 Rb5 62. Rh2 Be5 63.
Rg2 Bc7 64. Rd2 Bb6 65. Rg2 Ba7 66. Rh2 Rg5 67. Rh8 Rb5 68. Rh2 Bb6 69. Rg2 Rc5 70.
Rg8 Bd8 71. Rg2 Rb5 72. Rh2 Rg5 73. Rh1 Bc7 74. Rd1 Rg8 75. Rh1 Bb6 76. Rh6 Bc5 77.
Rh5 Bb6 78. Rh6 Ba7 79. Rh1 Rd8 80. Ke2 Rd6 81. Rh2 Rd7 82. Rh8 Rd8 83. Rh1 Rd6 84.
Rh2 Kf6 85. Rg2 Ke5 86. Kf3 Rd1 87. Rg5+ Kf6 88. Rg2 Re1  1/2-1/2

[Event "28. Offene Internationale Bayerische Schachmeisterschaft"]
[Site "Gmund am Tegernsee"]
[Date "2025.11.06"]
[Round "6"]
[Board "10"]
[White "Nurman, Alua"]
[Black "Sasikiran, Krishnan"]
[Result "1/2-1/2"]
[WhiteElo "2344"]
[BlackElo "2535"]
[PlyCount "0"]
[EventDate "2025.11.01"]
[EventRounds "9"]
[EventCountry "GER"]

1. e4 g6 2. d4 Bg7 3. Nc3 d6 4. Be3 a6 5. Nf3 b5 6. Bd3 Bb7 7. h4 h5 8. e5 e6 9.
Bg5 Qc8 10. O-O Nd7 11. Re1 Ne7 12. exd6 cxd6 13. Bxe7 Kxe7 14. Ne4 Nf6 15. a4 Qc7
16. Neg5 Bd5 17. axb5 axb5 18. Rxa8 Rxa8 19. Bxb5 Rb8 20. Qe2 Qa5 21. c4 Bxf3 22.
Nxf3 Kf8 23. Ng5 Rb7 24. Rd1 Kg8 25. d5 exd5 26. Bc6 Rb8 27. Bxd5 Nxd5 28. Rxd5 Qa1+
29. Rd1 Qxb2 30. Qxb2 Rxb2 31. Ne4 Rc2 32. Nxd6 Be5 33. g3 Bxd6 34. Rxd6 Rxc4  1/2-1/2

[Event "28. Offene Internationale Bayerische Schachmeisterschaft"]
[Site "Gmund am Tegernsee"]
[Date "2025.11.06"]
[Round "6"]
[Board "11"]
[White "Nitin, S."]
[Black "Hardaway, Brewington"]
[Result "0-1"]
[WhiteElo "2337"]
[BlackElo "2522"]
[PlyCount "0"]
[EventDate "2025.11.01"]
[EventRounds "9"]
[EventCountry "GER"]

1. e4 c5 2. Nf3 Nc6 3. d4 cxd4 4. Nxd4 Nf6 5. Nc3 d6 6. Nd5 Nxd5 7. exd5 Qa5+ 8.
Bd2 Qxd5 9. Nb5 Qe6+ 10. Be2 Qd7 11. c4 a6 12. Nc3 e6 13. Be3 Be7 14. Na4 Rb8 15.
Nb6 Qc7 16. f4 O-O 17. O-O Bd7 18. Rc1 Rbd8 19. Qd2 Bf6 20. b4 Ne7 21. a4 Bc6 22.
b5 Be4 23. Bd3 Bxd3 24. Qxd3 d5 25. cxd5 Qb8 26. bxa6 Nxd5 27. Nxd5 Rxd5 28. Qc4
bxa6 29. Qxa6 Qb3 30. Bf2 Bd4 31. Bxd4 Rxd4 32. Ra1 Qe3+ 33. Kh1 Qe4 34. Qb5 Rb4
35. Qe5 Rxa4 36. Rxa4 Qxa4 37. f5 Qc4 38. Re1 Rd8 39. fxe6 Qxe6 40. Qa5 Qd7 41. h3
h6 42. Qe5 Rc8 43. Qe7 Qd5 44. Qe4 Qg5 45. Qe3 Qg6 46. Qe4 Kh7 47. Qxg6+ Kxg6 48.
Kh2 Rc3 49. h4 f5 50. Rf1 Rc4 51. Kg3 Kf6 52. Ra1 Rc3+ 53. Kf2 f4 54. Ra6+ Kf5 55.
Ra7 g5 56. hxg5 hxg5 57. Ra5+ Kg4 58. Ra2 Kh4 59. Ra4 Rc2+ 60. Kg1 Re2 61. Kh2 Kh5
62. Kg1 Kg4 63. Kh2 Kf5 64. Ra5+ Re5 65. Ra4 Re4 66. Ra5+ Kg4 67. Ra3 Re7 68. Ra4
Kf5 69. Ra5+ Re5 70. Ra4 g4 71. Kg1 Rd5 72. Ra2 Rd1+ 73. Kf2 g3+ 74. Ke2 Rg1 75.
Kd3 f3 76. Ra5+ Ke6 77. Ra6+ Kd7 78. Ra7+ Kc8 79. gxf3 Rd1+ 80. Kd4  0-1

[Event "28. Offene Internationale Bayerische Schachmeisterschaft"]
[Site "Gmund am Tegernsee"]
[Date "2025.11.06"]
[Round "6"]
[Board "12"]
[White "Kurmangaliyeva, Liya"]
[Black "Vrolijk, Liam"]
[Result "1/2-1/2"]
[WhiteElo "2287"]
[BlackElo "2521"]
[PlyCount "0"]
[EventDate "2025.11.01"]
[EventRounds "9"]
[EventCountry "GER"]

1. Nf3 d5 2. g3 b6 3. Bg2 Bb7 4. c4 dxc4 5. Na3 e6 6. Nxc4 Nd7 7. Rb1 c5 8. Qa4 a6
9. Nce5 b5 10. Qf4 Nxe5 11. Nxe5 Qc7 12. Bxb7 Qxb7 13. Nf3 Nf6 14. b3 Be7 15. Bb2
O-O 16. O-O Rac8 17. Rfc1 Nd5 18. Qg4 Bf6 19. d3 Rc7 20. Qe4 Qb6 21. Ne5 Rfc8 22.
a3 Be7 23. Qg4 f6 24. Nf3 e5 25. Nd2 Bf8 26. Rc2 Qd6 27. Rbc1 Qe7 28. h4 Qf7 29.
Kh2 Nb6 30. Kg1 f5 31. Qf3 Bd6 32. e4 f4 33. gxf4 exf4 34. Kh1 Nd7 35. d4 cxd4 36.
Rxc7 Rxc7 37. Rxc7 Bxc7 38. Bxd4 Be5 39. Qc3 Bxd4 40. Qxd4 Qe6 41. Kh2 Ne5 42. Qd8+
Kf7 43. Qg5 Qf6 44. Qh5+ Ke7 45. Qxh7 Ng4+ 46. Kh3 Nxf2+ 47. Kg2 Nd3 48. e5 Nxe5
49. Qe4 Kf7 50. Kf1 Ng6 51. h5 Ne5 52. Ke2 Qg5 53. Qd5+ Kf8 54. Qa8+ Ke7 55. Qb7+
Nd7 56. Nf3 Qf5 57. Kd2 Qe6 58. Kc2 Qe2+ 59. Kc3 Qe3+ 60. Kc2 Qc5+ 61. Kd2 Qd6+ 62.
Kc2 Kf6 63. Qe4 Qc5+ 64. Kb2 Qf2+ 65. Kb1 Qf1+ 66. Kb2 Qf2+ 67. Kb1 Qf1+ 68. Kb2
Qg2+ 69. Kc3 Qg4 70. Kb4 Qxh5 71. Qxf4+ Ke7 72. Qe3+ Kd8 73. Ka5 Qd5 74. Qg5+ Qxg5
75. Nxg5 Nb8 76. Ne6+ Kc8 77. Nxg7  1/2-1/2

[Event "28. Offene Internationale Bayerische Schachmeisterschaft"]
[Site "Gmund am Tegernsee"]
[Date "2025.11.06"]
[Round "6"]
[Board "13"]
[White "Wunderlich, Elias"]
[Black "Gholami Orimi, Mahdi"]
[Result "0-1"]
[WhiteElo "2184"]
[BlackElo "2513"]
[PlyCount "0"]
[EventDate "2025.11.01"]
[EventRounds "9"]
[EventCountry "GER"]

1. e4 c5 2. c3 Nf6 3. e5 Nd5 4. Nf3 d6 5. exd6 e6 6. g3 Bxd6 7. Bg2 O-O 8. O-O b5
9. d4 Bb7 10. Nbd2 Nd7 11. Re1 N5f6 12. dxc5 Nxc5 13. Nb3 Bd5 14. Nfd4 Bxg2 15. Kxg2
Qb6 16. Bg5 Nd5 17. Qg4 Rfe8 18. Rad1 Bf8 19. h4 Rac8 20. h5 a5 21. Nc1 f5 22. Qf3
Ne4 23. Bh4 Qb7 24. g4 b4 25. c4 Rxc4 26. gxf5 exf5 27. Nxf5 Nd2 28. Rxd2 Nf4+ 29.
Kg3 Qxf3+ 30. Kxf3 Rxe1 31. Nb3 Nxh5 32. Bg5 Re5 33. Ne3 Rc7 34. Kg4 h6 35. Bd8 Rf7
36. Bxa5 Nf6+ 37. Kf4 Re8 38. Rd4 Ne4+ 39. Nf5 g5+ 40. Kg4 Nxf2+ 41. Kg3 Rxf5 42.
Bxb4 Re3+ 43. Kg2 Ne4 44. Bd2 Re2+ 45. Kh3 h5  0-1

[Event "28. Offene Internationale Bayerische Schachmeisterschaft"]
[Site "Gmund am Tegernsee"]
[Date "2025.11.06"]
[Round "6"]
[Board "14"]
[White "Wagner, Lukas"]
[Black "Gokerkan, Cem Kaan"]
[Result "0-1"]
[WhiteElo "1957"]
[BlackElo "2502"]
[PlyCount "0"]
[EventDate "2025.11.01"]
[EventRounds "9"]
[EventCountry "GER"]

1. d4 Nf6 2. c4 e6 3. Nf3 c5 4. Nc3 cxd4 5. Nxd4 Bb4 6. Qb3 Na6 7. a3 Be7 8. e3 O-O
9. Be2 d6 10. Qc2 Bd7 11. O-O Rc8 12. b3 Qc7 13. Bb2 Qb8 14. Rac1 Rfd8 15. Qb1 Nc7
16. Bf3 a6 17. Rfd1 g6 18. a4 e5 19. Nc2 b5 20. cxb5 axb5 21. Ba3 bxa4 22. bxa4 Qxb1
23. Rxb1 Ne6 24. Rb3 Nc5 25. Bxc5 Rxc5 26. Nb4 Rb8 27. Nb5 Bxb5 28. Na6 Bxa6 29.
Rxb8+ Kg7 30. Ra8 Bc4 31. e4 d5 32. exd5 e4 33. d6 Bxd6 34. Rxd6 exf3 35. gxf3 Rg5+
36. Kh1 Be2 37. h4 Bxf3+ 38. Kh2 Rg2+  0-1